000 00507nam a2200193Ia 4500
005 20250903104220.0
008 250729s2005 xx 000 0 und d
020 _a9780836413694
040 _cAL
041 _aeng
082 _a370.78 SEEE
100 _aSeetharamalu A S
_9222407
245 _aEducation in rural areas constrains and prospects
260 _aNew Delhi
_bA P H Publishing
_c2005
300 _a219p
650 _aEducation
_9222408
700 _aUsha Devi
_9222409
942 _2ddc
_cBED
999 _c235448
_d235448